000 00649nam a2200229 i 4500
001 bg
100 1 _aMUELLER, Scott
245 1 0 _aRozbudowa i naprawa komputerów PC /
_cScott Mueller ; [tł. z ang. Marcin Pancewicz et al.].
260 _aGliwice :
_b"Helion",
_c1999.
300 _a1491 s. :
_brys. ;
_c24 cm +
_eCD-ROM.
504 _aIndeks.
650 9 _aKomputery
_xbudowa i organizacja
650 9 _aKomputery
_xobsługa i eksploatacja
655 _aPoradniki
020 _a8371970471
040 _cBPK
041 1 _apl
_hen
080 _a004.3
920 _a83-7197-047-1
942 _cKS
008 s pl f |000 0 pol
999 _c35757
_d35757
856 _uhttp://koha.tu.koszalin.pl/cgi-bin/koha/opac-detail.pl?biblionumber=35757
_yKatalog online BPK